Kandidátka vied z Otrhánok (3)

Bibliographic Details
Main Authors: Gáliková, Monika (ain), Ginterová, Anastázia, 1930-2008 (Author, uin)
Format: Article
Language:Slovak
PhysicalDescription:Obr.
Subjects:

MARC

LEADER 00000nab a2200000 a 4500
001 vtls000673295
003 SK-MaSNL
005 20260303101050.0
008 160322c1998 xo 0 slo
015 |a SNBRB1998/09-26986 
035 |a CLN000025471 
040 |a SNKBUCL  |b slo  |c SNKBUCL  |e AACR2 
041 0 |a slo 
044 |a xo  |c SK 
080 |a 577.1-051  |2 UDC-MRF-SK2 
080 |a 070.42  |2 UDC-MRF-SK2 
080 |a 929 Ginterová, Anastázia  |2 UDC-MRF-SK2 
100 1 |a Gáliková, Monika  |4 ain  |9 899107 
245 1 0 |a Kandidátka vied z Otrhánok  |n (3)  |c Monika Gáliková 
300 |b Obr. 
600 1 7 |a Ginterová, Anastázia,  |d 1930-2008  |2 snkbucl  |9 113634 
655 7 |a články z novín a časopisov  |2 snkbucl  |9 267496 
700 1 |a Ginterová, Anastázia,  |d 1930-2008  |4 aut  |4 uin  |9 113634 
773 0 |t Mosty  |g Roč. 7, č. 39 (1998), s. 11 
850 |a Slovenská národná knižnica v Martine 
852 |a SNK  |b KIS3GCP 
958 |a SK 
958 |a BX 
958 |a RBX 
999 |c 1836749  |d 1838679